NATO under attack : (Record no. 185826)

000 -LEADER
fixed length control field 01361 a2200277 4500
003 - CONTROL NUMBER IDENTIFIER
control field Nust
005 - DATE AND TIME OF LATEST TRANSACTION
control field 20170207153424.0
010 ## - LIBRARY OF CONGRESS CONTROL NUMBER
LC control number 83025348
020 ## - INTERNATIONAL STANDARD BOOK NUMBER
International Standard Book Number 0822305828
020 ## - INTERNATIONAL STANDARD BOOK NUMBER
International Standard Book Number 082230600X (pbk.)
040 ## - CATALOGING SOURCE
Transcribing agency Nust
082 00 - DEWEY DECIMAL CLASSIFICATION NUMBER
Classification number 355.031
100 1# - MAIN ENTRY--PERSONAL NAME
Personal name Mellenthin, F. W. von
245 10 - TITLE STATEMENT
Title NATO under attack :
Remainder of title why the Western Alliance can fight outnumbered and win in Central Europe without nuclear weapons /
Statement of responsibility, etc. F.W. von Mellenthin and R.H.S. Stolfi, with E. Sobik.
260 ## - PUBLICATION, DISTRIBUTION, ETC.
Place of publication, distribution, etc. Durham, N.C. :
Name of publisher, distributor, etc. Duke University Press,
Date of publication, distribution, etc. 1984.
300 ## - PHYSICAL DESCRIPTION
Extent 161 p. :
Other physical details ill. ;
Dimensions 24 cm.
440 #0 - SERIES STATEMENT/ADDED ENTRY--TITLE
Title Duke Press policy studies
505 ## - FORMATTED CONTENTS NOTE
Formatted contents note Historical Perspective on the Military Balance in Central Europe Today (Page-9), The search of Realistic Military Balance in Peacetime (Page-23), Command Style in the Second World War (Page-41), Weakness of the Soviet Armed Forces (Page-75), The Soviet Soldier Historical Conditioning and Current Relates (Page-97), Ramification of the Potential Conventional (Page-119), A Case for Optimism towards the Defiance of the West (Page-139),
538 ## - SYSTEM DETAILS NOTE
System details note Almirah No.53 Shelf No.5
610 20 - SUBJECT ADDED ENTRY--CORPORATE NAME
Corporate name or jurisdiction name as entry element North Atlantic Treaty Organization
General subdivision Armed Forces.
610 20 - SUBJECT ADDED ENTRY--CORPORATE NAME
Corporate name or jurisdiction name as entry element Warsaw Treaty Organization
General subdivision Armed Forces.
651 #0 - SUBJECT ADDED ENTRY--GEOGRAPHIC NAME
Geographic name Europe
General subdivision Defenses.
700 1# - ADDED ENTRY--PERSONAL NAME
Personal name Sobik, E.
700 1# - ADDED ENTRY--PERSONAL NAME
Personal name Stolfi, R. H. S.
Dates associated with a name 1932-
740 0# - ADDED ENTRY--UNCONTROLLED RELATED/ANALYTICAL TITLE
Uncontrolled related/analytical title N.A.T.O. under attack.
942 ## - ADDED ENTRY ELEMENTS (KOHA)
Source of classification or shelving scheme
Koha item type Book
Holdings
Withdrawn status Lost status Source of classification or shelving scheme Damaged status Not for loan Collection code Permanent Location Current Location Date acquired Total Checkouts Full call number Barcode Date last seen Price effective from Koha item type
            Military College of Signals (MCS) Military College of Signals (MCS) 12/12/2016   355.031 MEL MCS3326 12/08/2016 12/12/2016 Book
© 2023 Central Library, National University of Sciences and Technology. All Rights Reserved.